<?xml version="1.0" encoding="UTF-8"?>
<marc:record xmlns:marc="http://www.loc.gov/MARC21/slim">
   <marc:leader>00000nam a2200000 a 4500</marc:leader>
   <marc:datafield ind1="1" ind2=" " tag="100">
      <marc:subfield code="a">Strunz, Ulrich</marc:subfield>
      <marc:subfield code="4">aut</marc:subfield>
      <marc:subfield code="e">Verfasser/-in</marc:subfield>
   </marc:datafield>
   <marc:datafield ind1=" " ind2=" " tag="653">
      <marc:subfield code="a">Softcover / Ratgeber/Gesundheit/Ernährung</marc:subfield>
   </marc:datafield>
   <marc:datafield ind1=" " ind2=" " tag="653">
      <marc:subfield code="a">Ratgeber</marc:subfield>
   </marc:datafield>
   <marc:datafield ind1="0" ind2="0" tag="245">
      <marc:subfield code="a">Der Gen-Code</marc:subfield>
   </marc:datafield>
   <marc:datafield ind1="0" ind2="0" tag="245">
      <marc:subfield code="b">das Geheimnis der Epigenetik - wie wir mit Ernährung und Bewegung unsere Gene postiv beeinflussen können ; [der Schlüssel zu mehr Lebensfreude, Fitness und optimalem Fatburning</marc:subfield>
   </marc:datafield>
   <marc:datafield ind1="0" ind2="0" tag="245">
      <marc:subfield code="c">Ulrich Strunz</marc:subfield>
   </marc:datafield>
   <marc:datafield ind1=" " ind2="1" tag="264">
      <marc:subfield code="a">Lünen</marc:subfield>
      <marc:subfield code="b">Systemed-Verl.</marc:subfield>
      <marc:subfield code="c">2013</marc:subfield>
   </marc:datafield>
   <marc:datafield ind1=" " ind2=" " tag="250">
      <marc:subfield code="a">1. Aufl.</marc:subfield>
   </marc:datafield>
   <marc:datafield ind1="1" ind2=" " tag="520">
      <marc:subfield code="a">Angaben aus der Verlagsmeldung

Der Gen-Code : Das Geheimnis der Epigenetik – Wie wir mit Ernährung und Bewegung unsere Gene postiv beeinflussen können. Der Schlüssel zu mehr Lebensfreude; Fitness und optimalem Fatburning. / von Ulrich Th. Strunz

»Mit den einfachsten Mitteln der Natur können wir unser Leben positiv verändern - und dies innerhalb sehr kurzer Zeit.«

Dr. Ulrich Strunz’ Schlüssel zu mehr Lebensfreude.

In seinem neuen Ratgeber widmet sich Dr. Ulrich Strunz dem Thema Epigenetik, das weltweit in der medizinischen Forschung als endgültiger Schritt bei der Entschlüsselung der Ursachen von Krankheiten gilt. Unsere Gene sind demnach nicht nur starre Bausteine des Lebens mit unveränderbaren Eigenschaften, sondern sie variieren ihre Prägemuster ständig nach äußeren und inneren Einflüssen. Schon eine einzige ungesunde Mahlzeit, eine massive Stressphase oder eine Nacht ohne Schlaf führen dazu, dass Gene in ihrer Funktion kurzfristig »stillgelegt« werden. Als Folge davon verlieren wir an körperlicher und mentaler Leistungsfähigkeit. Doch die Gene lassen sich kurzfristig wieder aktivieren! Es besteht also Hoffnung für Menschen, die mit ihrem körperlichen Zustand unzufrieden sind. Dieser neue Ratgeber zeigt, wie man sein Leben - und seine Gene - reaktivieren kann!

- Spannend, wissenschaftlich fundiert, hochbrisant - ein echter Strunz!
- Alles liegt in den Genen: Müdigkeit, Nervosität, Lebensfreude, Depression, Stärke, Gesundheit ...
- Gewusst wie! »Stillgelegte« Gene lassen sich wieder aktivieren.
- Eine Vielzahl von Tipps und Anleitungen für die richtigen Nährstoffe, Bewegungs- und Erholungsprogramme für die Epigenetik.
</marc:subfield>
   </marc:datafield>
   <marc:datafield ind1=" " ind2=" " tag="020">
      <marc:subfield code="a">9783942772013</marc:subfield>
      <marc:subfield code="9">9783942772013</marc:subfield>
   </marc:datafield>
   <marc:datafield ind1=" " ind2=" " tag="020">
      <marc:subfield code="a">3942772019</marc:subfield>
      <marc:subfield code="9">3942772019</marc:subfield>
   </marc:datafield>
   <marc:datafield ind1=" " ind2=" " tag="041">
      <marc:subfield code="a">ger</marc:subfield>
   </marc:datafield>
   <marc:datafield ind1=" " ind2=" " tag="300">
      <marc:subfield code="a">123 S.</marc:subfield>
   </marc:datafield>
</marc:record>
